[Event "Rhein Main op-B 14th"]
[Site "Bad Homburg"]
[Date "2011.06.24"]
[Round "4"]
[White "Sigl, Christian"]
[Black "Christen, Stefan"]
[Result "1/2-1/2"]
[WhiteElo "1327"]
[BlackElo "1559"]
[PlyCount "59"]
[EventDate "2011.06.22"]
[EventType "swiss"]
[EventRounds "7"]
[EventCountry "GER"]
[SourceTitle "EXT 2012"]
[Source "ChessBase"]
[SourceDate "2011.11.24"]
[SourceVersion "1"]
[SourceVersionDate "2011.11.24"]
[SourceQuality "1"]

1. e4 c5 2. Nc3 e6 3. f4 Nc6 4. Nf3 a6 5. d3 Nd4 6. Nxd4 cxd4 7. Ne2 Bc5 8. g3 Ne7 9. Bg2 0-0 10. 0-0 Rb8 11. f5 f6 12. Qe1 e5 13. g4 d5 14. Qg3 dxe4 15. Bxe4 g5 16. fxg6 Nxg6 17. Qh3 Rf7 18. Ng3 b5 19. Nf5 Bf8 20. Bh6 Rb6 21. Bxf8 Kxf8 22. Qh6+ Ke8 23. Ng7+ Kd7 24. Qxh7 Qh8 25. Qxh8 Nxh8 26. Bf5+ Ke7 27. Bxc8 Rxg7 28. Rf3 Rc6 29. Bf5 Rxc2 30. Rf2 1/2-1/2

[Event "Rhein Main op-B 14th"]
[Site "Bad Homburg"]
[Date "2011.06.23"]
[Round "3"]
[White "Zerhusen, Martin"]
[Black "Sigl, Christian"]
[Result "1-0"]
[WhiteElo "1625"]
[BlackElo "1327"]
[PlyCount "125"]
[EventDate "2011.06.22"]
[EventType "swiss"]
[EventRounds "7"]
[EventCountry "GER"]
[SourceTitle "EXT 2012"]
[Source "ChessBase"]
[SourceDate "2011.11.24"]
[SourceVersion "1"]
[SourceVersionDate "2011.11.24"]
[SourceQuality "1"]

1. d4 d5 2. c4 e6 3. Nc3 Nf6 4. Bg5 Nbd7 5. c5 c6 6. Nf3 Be7 7. h3 Qc7 8. Bh4 0-0 9. a3 Re8 10. Bg3 Qd8 11. e3 Bf8 12. Be2 g6 13. 0-0 Bg7 14. Bh2 Re7 15. Qc2 Ne8 16. b4 e5 17. dxe5 Nxe5 18. Rad1 Bf5 19. e4 Nxf3+ 20. Bxf3 Bd7 21. exd5 Qc8 22. d6 Bf5 23. Qd2 Rd7 24. Rfe1 Qd8 25. Re2 Qf6 26. Be5 Qh4 27. Bxg7 Nxg7 28. Qd4 Qxd4 29. Rxd4 Ne6 30. Rd1 Nf4 31. Re3 Kf8 32. Bg4 Bxg4 33. hxg4 Ne6 34. g3 g5 35. Ne2 Re8 36. Nd4 Nxd4 37. Rxe8+ Kxe8 38. Rxd4 Kf8 39. Re4 h6 40. Kg2 f6 41. Kf3 Kf7 42. Ke3 a6 43. Kd4 Kf8 44. Kc4 Kf7 45. a4 Kf8 46. b5 a5 47. b6 Kf7 48. Kd4 Kf8 49. f4 Kf7 50. f5 Kf8 51. Re6 Kf7 52. Ke4 Kg7 53. Re8 Kf7 54. Ra8 Kg7 55. Rxa5 Rd8 56. Ra7 Rb8 57. d7 Kf8 58. Rxb7 Ra8 59. Ra7 Rd8 60. a5 Ke7 61. a6 Rxd7 62. Rxd7+ Kxd7 63. a7 1-0